[Event "Montreal op"]
[Site "Montreal CAN"]
[Date "2017.09.09"]
[Round "2.18"]
[White "Leger, Manon"]
[Black "Bouton, Christophe"]
[Result "1-0"]
[WhiteElo "1875"]
[BlackElo "2086"]
[WhiteFideId "-1"]
[WhiteFideId "-1"]
[PlyCount "59"]
[GameId "2160767908338751"]
[EventDate "2017.09.08"]
[EventType "swiss"]
[EventRounds "5"]
[EventCountry "CAN"]
[SourceTitle "hb 2017"]

1. e4 c5 2. Nf3 e6 3. d4 cxd4 4. Nxd4 Nf6 5. Nc3 Nc6 6. Ndb5 d6 7. Bf4 e5 8. Bg5 a6 9. Na3 b5 10. Bxf6 gxf6 11. Nd5 f5 12. Bd3 Be6 13. Qd2 Rc8 14. O-O Bg7 15. c4 fxe4 16. Bxe4 O-O 17. cxb5 axb5 18. Nxb5 f5 19. Bf3 e4 20. Be2 Be5 21. Rfd1 f4 22. Nbc3 f3 23. Ba6 Bxh2+ 24. Kxh2 Qh4+ 25. Kg1 fxg2 26. f4 exf3 27. Ne4 Qxe4 28. Qg5+ Kh8 29. Nf6 Rce8 30. Nxe4 1-0

[Event "Montreal op"]
[Site "Montreal CAN"]
[Date "2017.09.09"]
[Round "2.19"]
[White "Thomas, Kenneth"]
[Black "Mahdjoubi, Abdelaziz"]
[Result "1-0"]
[WhiteElo "2038"]
[BlackElo "1885"]
[WhiteFideId "-1"]
[WhiteFideId "-1"]
[PlyCount "87"]
[GameId "2160767908338752"]
[EventDate "2017.09.08"]
[EventType "swiss"]
[EventRounds "5"]
[EventCountry "CAN"]
[SourceTitle "hb 2017"]

1. e4 e5 2. Nf3 Nc6 3. Bc4 Bc5 4. O-O Nf6 5. d3 O-O 6. a4 h6 7. c3 Bb6 8. Re1 d6 9. Bb3 Bg4 10. h3 Bh5 11. Nbd2 a5 12. Nf1 Ne7 13. Ng3 Bg6 14. Be3 Bxe3 15. Rxe3 c6 16. Qe2 Qc7 17. Nh4 Bh7 18. Nhf5 Nxf5 19. exf5 Qd7 20. Qf3 Rfe8 21. Rae1 Re7 22. d4 Rae8 23. dxe5 Rxe5 24. Rxe5 Rxe5 25. Rxe5 dxe5 26. Bc2 Qd2 27. Qd1 Qxd1+ 28. Bxd1 Ne8 29. Bc2 Nd6 30. Kf1 Kf8 31. Ke2 Ke7 32. f6+ Kxf6 33. Bxh7 g6 34. Kf3 Kg7 35. Bxg6 Kxg6 36. Ne4 Nxe4 37. Kxe4 Kf6 38. b4 axb4 39. cxb4 Ke6 40. g4 f6 41. h4 h5 42. f3 hxg4 43. fxg4 Kd6 44. g5 1-0

[Event "Montreal op"]
[Site "Montreal CAN"]
[Date "2017.09.09"]
[Round "3.2"]
[White "Ouellet, Maili-Jade"]
[Black "Yu, Zong Yang"]
[Result "0-1"]
[WhiteElo "2212"]
[BlackElo "2444"]
[WhiteFideId "-1"]
[WhiteFideId "-1"]
[PlyCount "54"]
[GameId "2160767908338754"]
[EventDate "2017.09.08"]
[EventType "swiss"]
[EventRounds "5"]
[EventCountry "CAN"]
[SourceTitle "hb 2017"]

1. d4 Nf6 2. c4 e6 3. Nc3 Bb4 4. Qc2 O-O 5. a3 Bxc3+ 6. Qxc3 d5 7. Bg5 c5 8. dxc5 d4 9. Qg3 Nbd7 10. Bh6 Ne8 11. b4 a5 12. Rd1 axb4 13. axb4 e5 14. Nf3 Ra4 15. Bd2 Nef6 16. Nxe5 Ne4 17. Qf4 Nxe5 18. Qxe4 Re8 19. Bf4 Nc6 20. Qc2 Rxb4 21. h4 Qf6 22. Bd2 Bf5 23. Qa2 d3 24. Bxb4 Nxb4 25. Qb3 Nc2+ 26. Kd2 dxe2 27. Bxe2 Nd4 0-1

[Event "Montreal op"]
[Site "Montreal CAN"]
[Date "2017.09.09"]
[Round "3.4"]
[White "Luksza, Arkadiusz"]
[Black "Leveille, Francois"]
[Result "0-1"]
[WhiteElo "2237"]
[BlackElo "2307"]
[WhiteFideId "-1"]
[WhiteFideId "-1"]
[PlyCount "84"]
[GameId "2160767908338756"]
[EventDate "2017.09.08"]
[EventType "swiss"]
[EventRounds "5"]
[EventCountry "CAN"]
[SourceTitle "hb 2017"]

1. Nf3 g6 2. g3 Bg7 3. Bg2 c5 4. c4 Nc6 5. Nc3 a6 6. O-O Rb8 7. e3 d6 8. d4 cxd4 9. exd4 Bg4 10. Be3 Nh6 11. Bxh6 Bxh6 12. h3 Bxf3 13. Bxf3 Bg7 14. Ne2 Qb6 15. d5 Ne5 16. Qa4+ Kf8 17. Bg2 Qxb2 18. Nf4 Qd4 19. Rab1 Bf6 20. Rfd1 Qc5 21. Bf1 h5 22. Kg2 Kg7 23. h4 Ng4 24. Nd3 Qc8 25. Nf4 Be5 26. Nh3 Bf6 27. Qb3 Qc5 28. Rd2 Rhc8 29. Nf4 Ne5 30. Qb6 Qxb6 31. Rxb6 Nxc4 32. Bxc4 Rxc4 33. Ne2 Rbc8 34. Kf3 R8c7 35. Ke3 Ra4 36. Kd3 Rc5 37. Nf4 Be5 38. Ke2 Bxf4 39. gxf4 Rxf4 40. Rxb7 Kf6 41. Ra7 a5 42. Kf1 Re4 0-1

[Event "Montreal op"]
[Site "Montreal CAN"]
[Date "2017.09.09"]
[Round "3.5"]
[White "Zheng, Richard"]
[Black "Huang, Qiuyu"]
[Result "1/2-1/2"]
[WhiteElo "2053"]
[BlackElo "2285"]
[WhiteFideId "-1"]
[WhiteFideId "-1"]
[PlyCount "103"]
[GameId "2160767908338757"]
[EventDate "2017.09.08"]
[EventType "swiss"]
[EventRounds "5"]
[EventCountry "CAN"]
[SourceTitle "hb 2017"]

1. d4 d5 2. c4 e6 3. Nc3 Nf6 4. cxd5 exd5 5. Bg5 c6 6. e3 Bf5 7. Qf3 Bg6 8. Bxf6 Qxf6 9. Qxf6 gxf6 10. h4 h5 11. O-O-O Nd7 12. Bd3 Nb6 13. Nh3 Bd6 14. Rhe1 Kd7 15. e4 Rae8 16. f4 dxe4 17. Nxe4 Bxe4 18. Bxe4 Kc7 19. a3 Nd5 20. Bxd5 cxd5 21. g3 Rhg8 22. Rxe8 Rxe8 23. Kc2 Kc6 24. Rd3 Kb5 25. Ng1 a5 26. Kd2 a4 27. Ne2 Kc6 28. Re3 Ra8 29. Rc3+ Kd7 30. Rc1 Bc7 31. Ke3 Ba5 32. f5 Re8+ 33. Kd3 Bb6 34. Rf1 Rg8 35. Rf3 Bc7 36. Ke3 Rg4 37. Kf2 Bd6 38. Nf4 Bxf4 39. Rxf4 Rxf4+ 40. gxf4 Kd6 41. Ke2 Kc6 42. Kd3 Kb5 43. Kc3 Ka5 44. Kd3 b5 45. Kc3 b4+ 46. Kc2 Kb5 47. Kd3 Ka5 48. Kc2 Kb5 49. Kd3 Kb6 50. axb4 Kc6 51. Kc2 Kb6 52. Kd2 1/2-1/2

[Event "Montreal op"]
[Site "Montreal CAN"]
[Date "2017.09.09"]
[Round "3.7"]
[White "Tomb, Maroun"]
[Black "Dukic, Zachary"]
[Result "1/2-1/2"]
[WhiteElo "2226"]
[BlackElo "2254"]
[WhiteFideId "-1"]
[WhiteFideId "-1"]
[PlyCount "76"]
[GameId "2160767908338759"]
[EventDate "2017.09.08"]
[EventType "swiss"]
[EventRounds "5"]
[EventCountry "CAN"]
[SourceTitle "hb 2017"]

1. e4 e5 2. Nf3 Nc6 3. Bb5 a6 4. Ba4 Nf6 5. d4 exd4 6. O-O Be7 7. e5 Ne4 8. Nxd4 Nc5 9. Nf5 O-O 10. Qg4 g6 11. Bxc6 dxc6 12. Nxe7+ Qxe7 13. Qg3 Re8 14. Bf4 Bf5 15. Nc3 Bxc2 16. Rfe1 Ne6 17. Bh6 Rad8 18. Rac1 Bf5 19. Nd1 Rd3 20. Ne3 Qb4 21. f3 Rxe3 22. Rxe3 Qxb2 23. Rb3 Qxa2 24. Rxb7 Qd5 25. Be3 c5 26. Rb2 c4 27. Qf2 c5 28. Ra2 Nd4 29. f4 Nb3 30. Rc3 a5 31. h3 Bd3 32. Ra4 Rb8 33. Kh2 Rb4 34. Ra2 Bb1 35. Rb2 Qe4 36. Qh4 Bd3 37. Qd8+ Kg7 38. Qf6+ Kg8 1/2-1/2

[Event "Montreal op"]
[Site "Montreal CAN"]
[Date "2017.09.09"]
[Round "3.9"]
[White "Nunez, Omar"]
[Black "Sprumont, Oscar"]
[Result "1-0"]
[WhiteElo "1866"]
[BlackElo "2001"]
[WhiteFideId "-1"]
[WhiteFideId "-1"]
[PlyCount "103"]
[GameId "2160767908338761"]
[EventDate "2017.09.08"]
[EventType "swiss"]
[EventRounds "5"]
[EventCountry "CAN"]
[SourceTitle "hb 2017"]

1. f4 Nf6 2. Nf3 c5 3. g3 Nc6 4. Bg2 g6 5. O-O Bg7 6. Nc3 d5 7. d3 O-O 8. e4 dxe4 9. dxe4 e5 10. Qxd8 Rxd8 11. fxe5 Ng4 12. Bg5 Rf8 13. Nd5 Ngxe5 14. Nxe5 Bxe5 15. c3 b6 16. Bf6 Re8 17. Bxe5 Rxe5 18. Rf6 Bd7 19. Rd6 Rxd5 20. exd5 Nb8 21. Rf6 Na6 22. Re1 Kg7 23. Rf2 Rf8 24. Re7 Nb8 25. c4 Kg8 26. b3 Bf5 27. h3 Bd7 28. g4 f5 29. gxf5 gxf5 30. Kh2 a6 31. Kg3 Rf6 32. Kf4 Rh6 33. Bf1 Kf8 34. Rfe2 Rh5 35. R7e5 Kf7 36. Bg2 Kf6 37. Re6+ Bxe6 38. Rxe6+ Kf7 39. Rxb6 Nd7 40. Rxa6 Nf6 41. b4 cxb4 42. c5 Ne8 43. c6 Ke7 44. Ra7+ Kd8 45. d6 Nxd6 46. Rd7+ Kc8 47. Rxd6 Rh4+ 48. Kxf5 Rc4 49. Bd5 Rh4 50. Ke5 Rxh3 51. Be6+ Kc7 52. Rd7+ 1-0

[Event "Montreal op"]
[Site "Montreal CAN"]
[Date "2017.09.09"]
[Round "3.10"]
[White "Nicula, Marius"]
[Black "Cazelais, Marc"]
[Result "1-0"]
[WhiteElo "2175"]
[BlackElo "2115"]
[WhiteFideId "-1"]
[WhiteFideId "-1"]
[PlyCount "127"]
[GameId "2160767908338762"]
[EventDate "2017.09.08"]
[EventType "swiss"]
[EventRounds "5"]
[EventCountry "CAN"]
[SourceTitle "hb 2017"]

1. d4 g6 2. c4 Bg7 3. Nf3 d6 4. g3 Nf6 5. Bg2 O-O 6. O-O Nbd7 7. Nc3 e5 8. h3 a6 9. b3 Rb8 10. a4 Re8 11. e3 exd4 12. exd4 Nf8 13. Be3 Bf5 14. Nh4 Bd7 15. Qd2 Nh5 16. Kh2 f5 17. Bg5 Bf6 18. Bxf6 Nxf6 19. Rfe1 c6 20. b4 Be6 21. d5 cxd5 22. Nxd5 Bxd5 23. Bxd5+ Nxd5 24. Qxd5+ Kg7 25. Rxe8 Qxe8 26. Qxd6 Rd8 27. Qf4 Qe2 28. Qf3 Qxc4 29. Qxb7+ Rd7 30. Qb6 Qd4 31. Qxd4+ Rxd4 32. Rb1 Nd7 33. Nf3 Rd3 34. Kg2 Ra3 35. a5 Nf6 36. Rb2 Nd5 37. b5 axb5 38. Rxb5 Nc3 39. Rb7+ Kg8 40. Ng5 Rxa5 41. h4 Ne4 42. Nxe4 fxe4 43. Re7 Ra4 44. Kf1 h5 45. Ke2 Kf8 46. Re5 Kf7 47. Ke3 Kf6 48. Rxe4 Ra3+ 49. Kf4 Ra2 50. f3 Ra5 51. Rb4 Rf5+ 52. Ke3 Re5+ 53. Re4 Ra5 54. Rf4+ Ke6 55. g4 hxg4 56. fxg4 Ra3+ 57. Kf2 Ke5 58. Rf3 Ra2+ 59. Kg3 Ra1 60. g5 Ra6 61. h5 gxh5 62. Kh4 Ra1 63. Kxh5 Ke6 64. Kg6 1-0

[Event "Montreal op"]
[Site "Montreal CAN"]
[Date "2017.09.09"]
[Round "3.11"]
[White "Fillion, Steve"]
[Black "Thomas, Kenneth"]
[Result "1/2-1/2"]
[WhiteElo "2125"]
[BlackElo "2038"]
[WhiteFideId "-1"]
[WhiteFideId "-1"]
[PlyCount "100"]
[GameId "2160767908338763"]
[EventDate "2017.09.08"]
[EventType "swiss"]
[EventRounds "5"]
[EventCountry "CAN"]
[SourceTitle "hb 2017"]

1. e4 c5 2. Nf3 d6 3. Nc3 a6 4. g3 Nc6 5. d4 cxd4 6. Nxd4 e6 7. Bg2 Qc7 8. O-O Nf6 9. Nxc6 bxc6 10. Re1 e5 11. Na4 Be7 12. c4 O-O 13. Be3 Rb8 14. h3 Rd8 15. Qc2 c5 16. Nc3 Bb7 17. Rad1 Bc6 18. b3 Qb7 19. Kh2 Ne8 20. Nd5 Bxd5 21. exd5 g6 22. f4 exf4 23. Bxf4 Bf6 24. Re2 Ng7 25. g4 Qd7 26. Rde1 Re8 27. Bf3 Rxe2+ 28. Rxe2 Re8 29. Rxe8+ Nxe8 30. g5 Bd4 31. Qe4 Kf8 32. Bg4 Qd8 33. h4 f5 34. gxf6 Nxf6 35. Bh6+ Kg8 36. Qe6+ Kh8 37. Bh3 Be5+ 38. Kg2 Ng8 39. Bg5 Qa5 40. Qf7 Qxa2+ 41. Qf2 Qxb3 42. Be6 Qb8 43. Qc2 h6 44. Be3 Qb6 45. Qa4 Qb2+ 46. Kf3 Qb8 47. Qxa6 Qf8+ 48. Ke2 Kg7 49. Qb7+ Ne7 50. Qd7 Kh7 1/2-1/2

[Event "Montreal op"]
[Site "Montreal CAN"]
[Date "2017.09.09"]
[Round "3.12"]
[White "Libersan, Thierry"]
[Black "Turcotte, Jonathan"]
[Result "1/2-1/2"]
[WhiteElo "2116"]
[BlackElo "2054"]
[WhiteFideId "-1"]
[WhiteFideId "-1"]
[PlyCount "62"]
[GameId "2160767908338764"]
[EventDate "2017.09.08"]
[EventType "swiss"]
[EventRounds "5"]
[EventCountry "CAN"]
[SourceTitle "hb 2017"]

1. d4 d5 2. Bf4 c5 3. e3 Nc6 4. c3 Nf6 5. Nd2 Bf5 6. Ngf3 e6 7. Qb3 Qc8 8. Bb5 c4 9. Qa4 a6 10. Bxc6+ Qxc6 11. Qxc6+ bxc6 12. O-O h6 13. h3 Be7 14. Ne5 Rc8 15. f3 Nd7 16. e4 Bh7 17. b3 Nxe5 18. Bxe5 f6 19. Bg3 c5 20. bxc4 cxd4 21. cxd4 Bb4 22. cxd5 exd5 23. Nb3 dxe4 24. fxe4 Bxe4 25. Rac1 Kf7 26. Nc5 Bd5 27. Nxa6 Ba3 28. Rxc8 Rxc8 29. Nc7 Bc4 30. Rf3 Bb2 31. d5 Bxa2 1/2-1/2

[Event "Montreal op"]
[Site "Montreal CAN"]
[Date "2017.09.09"]
[Round "3.13"]
[White "Saha, Ananda"]
[Black "Leger, Manon"]
[Result "1-0"]
[WhiteElo "2117"]
[BlackElo "1875"]
[WhiteFideId "-1"]
[WhiteFideId "-1"]
[PlyCount "125"]
[GameId "2160767908338765"]
[EventDate "2017.09.08"]
[EventType "swiss"]
[EventRounds "5"]
[EventCountry "CAN"]
[SourceTitle "hb 2017"]

1. d4 d5 2. c4 c6 3. Nf3 Nf6 4. e3 Bg4 5. Nbd2 e6 6. Bd3 Be7 7. O-O O-O 8. b3 Na6 9. a3 Rc8 10. Bb2 c5 11. Qc2 dxc4 12. bxc4 h6 13. h3 Bxf3 14. Nxf3 cxd4 15. exd4 Nd5 16. Qd2 Nf6 17. Rfd1 Nc7 18. Rab1 b6 19. a4 Nce8 20. Bc3 Nd6 21. Qe2 Qc7 22. Ne5 Rfd8 23. Rb3 Nd7 24. Nxd7 Qxd7 25. a5 Qa4 26. Rb4 Qc6 27. d5 Qd7 28. Qg4 Bf8 29. axb6 axb6 30. Qd4 exd5 31. cxd5 Qc7 32. Bb2 Rb8 33. Rb3 Ne8 34. Qe4 g6 35. h4 Bg7 36. Bxg7 Kxg7 37. Qd4+ Nf6 38. Bc4 Rd6 39. Rf3 Re8 40. Re3 Rc8 41. Bb3 Qc5 42. Qb2 Kg8 43. Red3 h5 44. Qe5 Ng4 45. Qf4 Rf6 46. Qd4 Qxd4 47. Rxd4 Nxf2 48. Rf1 Ng4 49. Rxf6 Nxf6 50. d6 Rd8 51. Ba4 Nd7 52. Kf2 Kg7 53. Kf3 f6 54. Ke4 Nc5+ 55. Kd5 Kf7 56. Bc6 Nd7 57. Bxd7 Rxd7 58. Re4 g5 59. Kc6 f5 60. Re1 Rd8 61. hxg5 b5 62. d7 b4 63. Kc7 1-0

[Event "Montreal op"]
[Site "Montreal CAN"]
[Date "2017.09.09"]
[Round "3.14"]
[White "Berube, Antoine"]
[Black "Tanaka, Tyler"]
[Result "1/2-1/2"]
[WhiteElo "2269"]
[BlackElo "2057"]
[WhiteFideId "-1"]
[WhiteFideId "-1"]
[PlyCount "89"]
[GameId "2160767908338766"]
[EventDate "2017.09.08"]
[EventType "swiss"]
[EventRounds "5"]
[EventCountry "CAN"]
[SourceTitle "hb 2017"]

1. d4 Nf6 2. c4 g6 3. g3 Bg7 4. Bg2 O-O 5. Nf3 d6 6. O-O c5 7. Nc3 Nc6 8. h3 cxd4 9. Nxd4 Bd7 10. Be3 Rc8 11. b3 Nxd4 12. Bxd4 Bc6 13. e4 a5 14. Qd2 Nd7 15. Bxg7 Kxg7 16. Rab1 Qb6 17. Kh2 Qb4 18. Qb2 Kg8 19. a3 Qb6 20. Rfd1 Nf6 21. Qe2 Bd7 22. f4 Be6 23. e5 dxe5 24. fxe5 Nd7 25. Nd5 Bxd5 26. cxd5 Rc3 27. Re1 e6 28. b4 Rxa3 29. bxa5 Qxa5 30. dxe6 fxe6 31. Qg4 Rf5 32. Qc4 Nf8 33. Re2 Rxe5 34. Rxb7 Rxe2 35. Qxe2 Rc3 36. Qf2 Rc7 37. Rb8 Rf7 38. Qe2 Qf5 39. h4 Qf6 40. Ra8 Kg7 41. Ra6 Qd4 42. Ra2 Qf6 43. Ra3 Qd4 44. Ra2 Qf6 45. Ra3 1/2-1/2

[Event "Montreal op"]
[Site "Montreal CAN"]
[Date "2017.09.09"]
[Round "3.15"]
[White "Prahov, Valentin"]
[Black "Chang, Alexander"]
[Result "1/2-1/2"]
[WhiteElo "2090"]
[BlackElo "1829"]
[WhiteFideId "-1"]
[WhiteFideId "-1"]
[PlyCount "94"]
[GameId "2160767908338767"]
[EventDate "2017.09.08"]
[EventType "swiss"]
[EventRounds "5"]
[EventCountry "CAN"]
[SourceTitle "hb 2017"]

1. e4 e5 2. Nf3 Nc6 3. Bc4 Bc5 4. c3 Nf6 5. b4 Bb6 6. d3 d6 7. O-O O-O 8. a4 a6 9. Nbd2 Be6 10. a5 Ba7 11. Re1 Ne7 12. Qb3 Bxc4 13. Nxc4 Ng6 14. Be3 Re8 15. Bxa7 Rxa7 16. Rad1 Nf4 17. Ne3 c6 18. Nf5 Qc7 19. g3 Ng6 20. c4 Raa8 21. d4 Rad8 22. dxe5 Nxe5 23. Nxe5 dxe5 24. Rxd8 Rxd8 25. c5 g6 26. Nd6 Ne8 27. Nxe8 Rxe8 28. Rd1 Rd8 29. Rd3 Kf8 30. Kg2 Ke7 31. Rf3 Rf8 32. Rd3 Rd8 33. h4 Kf8 34. Qc3 Rxd3 35. Qxd3 Ke7 36. Kf3 Qd8 37. Qxd8+ Kxd8 38. Kg4 f6 39. f4 exf4 40. Kxf4 Ke7 41. g4 h6 42. e5 Ke6 43. exf6 Kxf6 44. g5+ hxg5+ 45. hxg5+ Ke6 46. Ke4 Kd7 47. Ke5 Ke7 1/2-1/2

[Event "Montreal op"]
[Site "Montreal CAN"]
[Date "2017.09.09"]
[Round "3.16"]
[White "Zhong, Kevin"]
[Black "Jacquet, Stephane"]
[Result "1-0"]
[WhiteElo "2003"]
[BlackElo "2079"]
[WhiteFideId "-1"]
[WhiteFideId "-1"]
[PlyCount "83"]
[GameId "2160767908338768"]
[EventDate "2017.09.08"]
[EventType "swiss"]
[EventRounds "5"]
[EventCountry "CAN"]
[SourceTitle "hb 2017"]

1. e4 d6 2. d4 Nf6 3. Nc3 g6 4. Bg5 Bg7 5. f4 O-O 6. Qd2 c6 7. Nf3 b5 8. a3 a6 9. Bd3 Nbd7 10. O-O c5 11. e5 cxd4 12. exf6 exf6 13. Nxd4 fxg5 14. Be4 Ra7 15. Nc6 Qb6+ 16. Kh1 Bxc3 17. Qxc3 Nc5 18. Nxa7 Qxa7 19. Bd5 gxf4 20. Rxf4 Be6 21. Qf3 Bxd5 22. Qxd5 Ne6 23. Rf6 Kg7 24. Raf1 Qc7 25. c3 h5 26. Qf3 Qe7 27. Qc6 Qxf6 28. Rxf6 Kxf6 29. Qxa6 Re8 30. Qxb5 Nc7 31. Qf1+ Kg7 32. h3 Nd5 33. Qd3 Ne3 34. b4 Nf5 35. Kg1 Re1+ 36. Kf2 Ra1 37. c4 Ra2+ 38. Kg1 Ra1+ 39. Kh2 Rc1 40. h4 Kg8 41. b5 Nxh4 42. b6 1-0

[Event "Montreal op"]
[Site "Montreal CAN"]
[Date "2017.09.09"]
[Round "3.17"]
[White "Malek, Omid"]
[Black "Bouton, Christophe"]
[Result "1/2-1/2"]
[WhiteElo "2089"]
[BlackElo "2086"]
[WhiteFideId "-1"]
[WhiteFideId "-1"]
[PlyCount "77"]
[GameId "2160767908338769"]
[EventDate "2017.09.08"]
[EventType "swiss"]
[EventRounds "5"]
[EventCountry "CAN"]
[SourceTitle "hb 2017"]

1. d4 Nf6 2. Bg5 d5 3. e3 c6 4. Bd3 Bg4 5. Qc1 Nbd7 6. f4 e6 7. Nd2 Be7 8. Ngf3 O-O 9. O-O Bf5 10. Qb1 Ne4 11. Bxe7 Qxe7 12. c3 Nxd2 13. Nxd2 Bxd3 14. Qxd3 f5 15. c4 Nf6 16. c5 Ne4 17. Nxe4 fxe4 18. Qe2 b6 19. b4 bxc5 20. bxc5 Rab8 21. Rfb1 Rbc8 22. Rb3 h6 23. Rab1 Rc7 24. a4 Kh7 25. a5 g5 26. fxg5 Qxg5 27. a6 e5 28. Rb7 Rff7 29. Rxc7 Rxc7 30. Rb7 Rg7 31. dxe5 Qxe5 32. Qb2 Qg5 33. Rxg7+ Qxg7 34. Qb7 Kh8 35. Qxc6 Qa1+ 36. Kf2 Qb2+ 37. Kg3 Qe5+ 38. Kf2 Qb2+ 39. Kg3 1/2-1/2

[Event "Montreal op"]
[Site "Montreal CAN"]
[Date "2017.09.09"]
[Round "3.18"]
[White "Johnson-Constantin, Mathieu"]
[Black "Guipi Bopala, Prince Eric jr"]
[Result "1-0"]
[WhiteElo "2237"]
[BlackElo "1936"]
[WhiteFideId "-1"]
[WhiteFideId "-1"]
[PlyCount "145"]
[GameId "2160767908338770"]
[EventDate "2017.09.08"]
[EventType "swiss"]
[EventRounds "5"]
[EventCountry "CAN"]
[SourceTitle "hb 2017"]

1. e4 e5 2. Nf3 Nc6 3. Bb5 a6 4. Bxc6 dxc6 5. O-O Bd6 6. d4 Bg4 7. dxe5 Bxf3 8. Qxf3 Bxe5 9. c3 Qf6 10. Nd2 Ne7 11. Qxf6 Bxf6 12. Nf3 Ng6 13. Rd1 O-O 14. Rd7 Rad8 15. Rxd8 Rxd8 16. Be3 Ne5 17. Nxe5 Bxe5 18. Kf1 g6 19. Ke2 Kf8 20. f4 Bg7 21. Bc5+ Ke8 22. g4 b6 23. Bf2 Bh6 24. Ke3 Bf8 25. Bh4 Rd7 26. Rf1 Bc5+ 27. Ke2 a5 28. Rf3 Be7 29. Bf2 Bd6 30. e5 Bf8 31. Rh3 h6 32. Rd3 Bg7 33. Bg3 Re7 34. Rf3 g5 35. Ke3 gxf4+ 36. Bxf4 Kd7 37. Ke4 Ke6 38. Rh3 f6 39. Bxh6 fxe5 40. Bxg7 Rxg7 41. Rh6+ Kd7 42. h3 Re7 43. g5 Rg7 44. h4 Re7 45. g6 Ke6 46. Rh7 Re8 47. h5 Rf8 48. Rxc7 Kd6 49. g7 Rg8 50. h6 Kxc7 51. h7 Rxg7 52. h8=Q Re7 53. Qf6 Kd7 54. Qf2 Kc7 55. Qe3 Re8 56. Kf5 c5 57. Kf6 Kd7 58. Qd2+ Kc7 59. Kf7 Rd8 60. Qe2 Kd6 61. Qe4 Rb8 62. c4 Rc8 63. Qd5+ Kc7 64. Qxe5+ Kb7 65. Qd5+ Ka7 66. Ke7 Rc7+ 67. Kd6 Rb7 68. Kc6 Ka6 69. Qd8 Ka7 70. a4 Rb8 71. Qc7+ Ka8 72. b3 Rh8 73. Qb7# 1-0

[Event "Montreal op"]
[Site "Montreal CAN"]
[Date "2017.09.09"]
[Round "3.19"]
[White "Mahdjoubi, Abdelaziz"]
[Black "Saine, Zachary"]
[Result "0-1"]
[WhiteElo "1885"]
[BlackElo "1966"]
[WhiteFideId "-1"]
[WhiteFideId "-1"]
[PlyCount "118"]
[GameId "2160767908338771"]
[EventDate "2017.09.08"]
[EventType "swiss"]
[EventRounds "5"]
[EventCountry "CAN"]
[SourceTitle "hb 2017"]

1. e4 e5 2. Nf3 Nc6 3. Bb5 Nf6 4. d3 d6 5. a3 Be7 6. O-O O-O 7. Re1 a6 8. Bc4 Be6 9. Ba2 h6 10. Nbd2 Re8 11. Nf1 Bf8 12. Bxe6 fxe6 13. b4 a5 14. b5 Nd4 15. Nxd4 exd4 16. f4 e5 17. f5 Qd7 18. a4 d5 19. Ng3 dxe4 20. Nxe4 Nxe4 21. dxe4 c5 22. Ra3 Qf7 23. Rg3 Kh7 24. Rg6 c4 25. Qh5 Re7 26. g4 Qe8 27. g5 Re6 28. gxh6 Rxg6+ 29. Qxg6+ Qxg6+ 30. fxg6+ Kxg6 31. hxg7 Kxg7 32. Rf1 Bb4 33. Rf5 d3 34. cxd3 cxd3 35. Rf2 Bc5 36. Kf1 Bxf2 37. Kxf2 Rd8 38. Ke3 Rd4 39. Bd2 b6 40. Bc3 d2 41. Bxd2 Rxa4 42. Bc3 Kf6 43. h4 Ra3 44. Kd3 Rb3 45. Kc4 Rb1 46. Bd2 Kg6 47. Bc3 Kh5 48. Bxe5 Rb4+ 49. Kd3 Kxh4 50. Bd4 Rxb5 51. e5 Kg5 52. e6 Kg6 53. e7 Kf7 54. Bf6 Rf5 55. Bh4 Re5 56. Bf2 Rb5 57. Bh4 a4 58. Kc4 Rb1 59. Bf6 a3 0-1

[Event "Montreal op"]
[Site "Montreal CAN"]
[Date "2017.09.10"]
[Round "4.2"]
[White "Leveille, Francois"]
[Black "Pace, Christopher"]
[Result "0-1"]
[WhiteElo "2307"]
[BlackElo "2186"]
[WhiteFideId "-1"]
[WhiteFideId "-1"]
[PlyCount "66"]
[GameId "2160767908338776"]
[EventDate "2017.09.08"]
[EventType "swiss"]
[EventRounds "5"]
[EventCountry "CAN"]
[SourceTitle "hb 2017"]

1. e4 e5 2. Nf3 Nc6 3. Nc3 Nf6 4. Bb5 d6 5. d4 exd4 6. Nxd4 Bd7 7. O-O Be7 8. Bxc6 bxc6 9. Qf3 c5 10. Nf5 Bxf5 11. Qxf5 Qd7 12. Qxd7+ Kxd7 13. h3 Rhe8 14. Rd1 Bd8 15. f3 Rb8 16. b3 Ke6 17. Bb2 Nh5 18. Nd5 c6 19. Ne3 g6 20. Nc4 Bc7 21. Rd2 Nf4 22. h4 f6 23. Re1 Rbd8 24. g3 Nh5 25. Kg2 Kf7 26. Red1 d5 27. exd5 cxd5 28. Rxd5 Rxd5 29. Rxd5 Re2+ 30. Kh3 Bxg3 31. Rd2 Re1 32. Ba3 Rg1 33. f4 f5 0-1

[Event "Montreal op"]
[Site "Montreal CAN"]
[Date "2017.09.10"]
[Round "4.4"]
[White "Huang, Qiuyu"]
[Black "Nicula, Marius"]
[Result "1/2-1/2"]
[WhiteElo "2285"]
[BlackElo "2175"]
[WhiteFideId "-1"]
[WhiteFideId "-1"]
[PlyCount "142"]
[GameId "2160767908338778"]
[EventDate "2017.09.08"]
[EventType "swiss"]
[EventRounds "5"]
[EventCountry "CAN"]
[SourceTitle "hb 2017"]

1. e4 g6 2. d4 Bg7 3. Nc3 d6 4. Bg5 Nc6 5. Nge2 Nf6 6. Qd2 h6 7. Be3 Ng4 8. h3 Nxe3 9. Qxe3 h5 10. O-O-O a6 11. f4 b5 12. d5 Na5 13. Nd4 b4 14. Nb1 Bd7 15. Nd2 c5 16. dxc6 Nxc6 17. Nxc6 Bxc6 18. Nb3 Qc7 19. Kb1 a5 20. Nd4 Ba4 21. b3 Bd7 22. Bc4 a4 23. f5 Qc5 24. fxg6 fxg6 25. Rhf1 e6 26. e5 Qxe5 27. Qf3 d5 28. Rfe1 Rf8 29. Rxe5 Rxf3 30. Re2 dxc4 31. gxf3 axb3 32. cxb3 cxb3 33. Nxb3 e5 34. h4 Bf5+ 35. Kc1 Rc8+ 36. Kd2 Rc4 37. Rh1 Bh6+ 38. Ke1 Bf4 39. Kf2 Bd3 40. Rb2 e4 41. fxe4 Be5 42. Rd2 Bxe4 43. Rh3 Kf7 44. Re2 Bf5 45. Rf3 Bf6 46. Nd2 Bxh4+ 47. Kg2 Rc2 48. Rf4 Bg5 49. Rd4 Rxa2 50. Kf1 Rxd2 51. Rexd2 Bxd2 52. Rxd2 b3 53. Kf2 Bc2 54. Rd7+ Ke6 55. Rb7 Kd5 56. Ke3 h4 57. Rb4 Ke5 58. Rb8 h3 59. Kd2 g5 60. Rh8 g4 61. Rh4 Be4 62. Kc3 Bf3 63. Rh5+ Kd6 64. Kxb3 Ke6 65. Kc3 Kf6 66. Kd2 Kg6 67. Rh8 Bg2 68. Ke3 g3 69. Kf4 h2 70. Kxg3 h1=Q 71. Rxh1 Bxh1 1/2-1/2

[Event "Montreal op"]
[Site "Montreal CAN"]
[Date "2017.09.10"]
[Round "4.7"]
[White "Dukic, Zachary"]
[Black "Saha, Ananda"]
[Result "1-0"]
[WhiteElo "2254"]
[BlackElo "2117"]
[WhiteFideId "-1"]
[WhiteFideId "-1"]
[PlyCount "67"]
[GameId "2160767908338781"]
[EventDate "2017.09.08"]
[EventType "swiss"]
[EventRounds "5"]
[EventCountry "CAN"]
[SourceTitle "hb 2017"]

1. e4 c5 2. Nf3 e6 3. d4 cxd4 4. Nxd4 a6 5. Bd3 Bc5 6. Nb3 Be7 7. Qg4 g6 8. Qe2 d6 9. O-O Nc6 10. Nc3 Bf6 11. Kh1 Bg7 12. f4 Nf6 13. f5 Ne5 14. Bg5 h6 15. Bh4 O-O 16. a4 Re8 17. fxe6 fxe6 18. Nd4 g5 19. Bf2 Nxd3 20. Qxd3 Ng4 21. Bg1 Ne5 22. Qe2 Bd7 23. Nf3 Qe7 24. Rad1 Bc6 25. Rd2 Nxf3 26. Rxf3 Bxc3 27. Rxc3 Bxa4 28. Qh5 Kg7 29. Rcd3 Rad8 30. Bb6 Rd7 31. Rh3 Rh8 32. Rf2 Qe8 33. Qd1 Rf8 34. Qd4+ 1-0